Macao, colonia casino /
En este trabajo se estudia la transformación del antiguo enclave portugués de Macao, en la capital del "juego" de Asia Oriental, producto de la alianza de las elites locales y los empresarios de Las Vegas. En donde se visualiza una gran actividad inmobiliaria que acentúa las desigualdades...
Guardado en:
| Hovedforfatter: | |
|---|---|
| Format: | Texto |
| Fag: | |
| Tags: |
Tilføj Tag
Ingen Tags, Vær først til at tagge denne postø!
|
MARC
| LEADER | 00000 a a2200000 04500 | ||
|---|---|---|---|
| 001 | 10117 | ||
| 003 | |||
| 040 | |||
| 100 | |a Shih-Diing, Liu | ||
| 245 | |a Macao, colonia casino / |c Liu Shih-Diing | ||
| 520 | |a En este trabajo se estudia la transformación del antiguo enclave portugués de Macao, en la capital del "juego" de Asia Oriental, producto de la alianza de las elites locales y los empresarios de Las Vegas. En donde se visualiza una gran actividad inmobiliaria que acentúa las desigualdades y evidencia la corrupción, desembocando en el pensamiento de que ello representa una neocolonización. | ||
| 590 | |a SJB/NOVIEMBRE2012 | ||
| 650 | |a COLONIZACION | ||
| 650 | |a COLONIAS | ||
| 650 | |a PODER ECONOMICO | ||
| 650 | |a PODER POLITICO | ||
| 650 | |a DESARROLLO ECONOMICO | ||
| 650 | |a DESIGUALDAD SOCIAL | ||
| 650 | |a CORRUPCION | ||
| 650 | |a PORTUGAL | ||
| 773 | |g número 50; páginas 97-111 | ||
| 999 | |c 21770 |d 21770 | ||
